Дело по отношению Санкт-Петербургского губернатора о перечислении волостей из одного стана Петербургской губернии в другой

Доступно только в Электронных читальных залах Найти на картеНа карте
RUSMARC
00003721nmc2a22000003x 450
00136d46498-29c7-4ed8-b7e5-e04213305fb6
00520210518111905.0
100##$a20190709l18781878k l0rusy0189 ca
1010#$arus
102##$aRU
2001#$aДело по отношению Санкт-Петербургского губернатора о перечислении волостей из одного стана Петербургской губернии в другой
$j4 июня - 5 июля 1878 г.
251##$cДело
300##$aДело
801#0$aRU
$bРГИА
$c20190709
$gRCR
801#1$aRU
$bГлавНИВЦ
$c20190709
$2rusmarc
801#2$aRU
$bПБ им. Б.Н. Ельцина
$c20210518
$gRCR
$2rusmarc
850##$aРГИА
852##$aРГИА
$eФедеральное казенное учреждение "Российский государственный исторический архив" (РГИА)
$j161
937##$hРГИА
$d12320278
$aASBIBLIO_SCAN
462#0$100144b6a2f6-4ae7-48de-903e-d3f20f247728
$12001
$aДела Департамента полиции исполнительной МВД за 1878 год
$1251
$cОпись
$1852
$j39
$l1878 г.
461#0$10013e300ed0-cd39-49af-8489-5ba5b90fa401
$12001
$aДепартамент полиции исполнительной МВД
$1251
$cФонд
$1852
$j1286
215##$a6 л.
$d36,5х26 см
371##$aДокумент не является опубликованным и широко распространяемым
105##$ay###
1222#$ad
035##$a36d46498-29c7-4ed8-b7e5-e04213305fb6
856##$uhttp://readingroom.main.prlib.ru/item.aspx?id_node=n164835860&mode=full
Формат отображения